| 000 | 00667cam a2200193 a 4500 | ||
|---|---|---|---|
| 001 | 2127798 | ||
| 003 | ASAB | ||
| 005 | 20180827062644.0 | ||
| 008 | 971223s1998 nyua b 001 0 eng | ||
| 020 | _a978-0-7637-6164-6 | ||
| 040 |
_aDLC _cASAB _dDLC |
||
| 050 | 0 | 0 |
_aHV3176 _b.C83 1998 |
| 082 | 0 | 0 |
_a361.973/089 _221 |
| 245 | 0 | 0 |
_aCultural competency for health administration and public health _cPatti R. Rose |
| 260 |
_amassachusetts : _bJones and bartlett publihsers, _c1998. |
||
| 300 |
_aix, 173 p. : _bill. ; _c23 cm. |
||
| 942 |
_2ddc _cBK |
||
| 999 |
_c480146 _d480146 |
||